000 00678cab a2200265 4500
001 X1132
008 090401t1993 xxu||||| |||| 00| 0 eng d
035 _a(Sirsi) u14861
041 _aeng
245 _aBrickworks fluctuating rent principle
260 _c1993
350 _a0
490 _aCS Monthly : Minerals bulletin
_v3(2) October 1993, 7(1)
650 _aARDEN BRICKWORKS
650 _aBRICKWORKS
650 _aFLUCTUATING RENT PRINCIPLE
650 _aGRIMLEY JR EVE
650 _aKILN CAPACITY
650 _aRATING APPEALS
650 _aREDUCTION
650 _aUNIFORM BUSINESS RATE
690 _aBUILT ENVIRONMENT
942 _n0
948 _c04/03/1997
999 _c9699
_d9699